000 00449nam a22001817a 4500
003 MPLRDC
005 20220104143436.0
008 210129b ||||| |||| 00| 0 eng d
020 _a962-357-196-8
082 _a848.3 LFY-2 v.4 c.2
100 _a梁凤仪著
245 _a我心换你心
_c
260 _a
_b明窗出版社
_c1990
300 _b
490 _a财经小说系列
650 _a现代别集
942 _cBK
_o848.3 LFY-2 v.4 c.2
999 _c39953
_d39943